Hình thành năng lực và phát triển kỹ năng cho sinh viên chuên ngành tiếng anh trường đại học Bạc Liêu thông qua hoạt động mở rộng không gian học tập ngoài lớp /

Salvato in:
Dettagli Bibliografici
Autore principale: Nguyễn Thị Ánh Đào, ThS.
Natura: Articolo
Lingua:Vietnamese
Soggetti:
Tags: Aggiungi Tag
Nessun Tag, puoi essere il primo ad aggiungerne! !
Thư viện lưu trữ: Thư viện Trường Đại học Đà Lạt
LEADER 00948nam a2200265 4500
001 DLU180187579
005 ##20181003
040 # # |a DLU  |b vie 
041 # # |a vie 
044 # # |a vn 
100 # # |a Nguyễn Thị Ánh Đào,   |c ThS. 
245 # # |a Hình thành năng lực và phát triển kỹ năng cho sinh viên chuên ngành tiếng anh trường đại học Bạc Liêu thông qua hoạt động mở rộng không gian học tập ngoài lớp /  |c Nguyễn Thị Ánh Đào. 
653 # # |a Không gian học tập 
653 # # |a Năng lực 
653 # # |a Phát triển kĩ năng 
773 # # |t Tạp chí dạy và học ngày nay  |g Số 04, 2017, tr. 52-54 
920 # # |a Phòng Tạp chí -- Trung tâm Thông tin - Thư viện Trường Đại học Đà Lạt 
994 # # |a DLU 
900 # # |a True 
911 # # |a Trần Thị Minh Hương 
925 # # |a G 
926 # # |a A 
927 # # |a BB 
980 # # |a Thư viện Trường Đại học Đà Lạt